| 000 | 00633nam a2200217 u 4500 | ||
|---|---|---|---|
| 005 | 20240924071224.0 | ||
| 008 | 071009s2001 es r 000 0 spa d | ||
| 020 | _a847864539X | ||
| 035 | _aUPN01000152734 | ||
| 049 | _aI | ||
| 050 | 4 |
_aPZ71 _bS2.53 |
|
| 100 | 1 | _aSardà, Rosa | |
| 245 | 1 | 0 |
_aMe gusta esconderme / _cRosa Sardà ; il. Rosa M. Curto. |
| 260 |
_aMadrid : _bCombel, _c2001. |
||
| 300 |
_a22 p. : _bprincipalmente il. col. |
||
| 440 | 0 |
_aCaballo alado. _pAl paso |
|
| 650 | 4 |
_aLibros y lectura para niños _92290 |
|
| 650 | 4 |
_aLiteratura infantil _94445 |
|
| 700 | 1 |
_aCurto, Rosa María, _eil. |
|
| 905 | _aInfantil | ||
| 999 |
_c124857 _d124857 |
||